girl i've always been (Lyrics)- Olivia Rodrigo - Statistics

General Stats
  • This quiz has been taken 117 times
    113 since last reset
  • The average score is 202 of 251
Answer Stats
Answer % Correct
a
98%
always
98%
be
96%
been
96%
I
96%
I've
96%
the
96%
you
96%
You
96%
girl
94%
am
92%
I'm
92%
say
92%
Say
92%
that
90%
But
88%
have
88%
in
88%
my
88%
me
84%
then
84%
your
84%
don't
82%
an
80%
friends
80%
go?
80%
inside
80%
not
80%
on
80%
out
80%
That's
80%
And
78%
got
78%
head
78%
men
78%
So
78%
so
78%
thing
78%
you're
78%
"Baby
76%
call
76%
changed"
76%
doll
76%
if
76%
panic
76%
rooms
76%
with
76%
as
73%
can't
73%
different
73%
down
73%
get
73%
nothin'
73%
perfect
73%
ten
73%
actin'
71%
beyond
71%
crooked
71%
name
71%
up
71%
years
71%
all
69%
know
69%
who
69%
anymore
67%
consistent
67%
door
67%
Now
67%
over
67%
parade
67%
trash
67%
walkin'
67%
again
65%
couch
65%
empty
65%
I'll
65%
tears
65%
Yeah
65%
bed
63%
beginnin'
63%
captors
63%
Cursin'
63%
fightin'
63%
from
63%
wind
63%
candle
61%
cruel
61%
everything
61%
game
61%
knew
61%
woke
61%
ask
59%
become
59%
could
59%
right
59%
told
59%
turn
59%
wrapped
59%
rained
57%
Well
57%
venom
55%
cold
53%
how
53%
you'd
51%
case
49%
tongue
49%
gettin'
47%
never
43%
dreamed
41%
I'd
41%
No matching quizzes found
Score Distribution
Percent of People with Each Score
Percentile by Number Answered
Your Score History
You have not taken this quiz since the last reset